Sistemas de relaciones industriales / (Record no. 58032)

MARC details
000 -LEADER
campo de control de longitud fija 00628nam a2200193 i 4500
001 - NÚMERO DE CONTROL
campo de control 58032
003 - IDENTIFICADOR DE NÚMERO DE CONTROL
campo de control ES-MaACL
005 - FECHA Y HORA DE LA ÚLTIMA TRANSACCIÓN
campo de control 20230906163718.0
007 - CAMPO FIJO DE DESCRIPCIÓN FÍSICA--INFORMACIÓN GENERAL
campo de control de longitud fija t|
008 - DATOS DE LONGITUD FIJA--INFORMACIÓN GENERAL
campo de control de longitud fija 031020s1978 sp ||||1| spa d
100 1# - ENTRADA PRINCIPAL--NOMBRE DE PERSONA
Nombre de persona Dunlop, John T.
9 (RLIN) 46050
245 10 - MENCIÓN DEL TÍTULO
Título Sistemas de relaciones industriales /
Mención de responsabilidad, etc. John T. Dunlop ; prólogo a la edición castellana de Jordi Estivill ; [traducción de Amadeo Monrabá].
250 ## - MENCION DE EDICION
Mención de edición [1ªed.].
260 ## - PUBLICACIÓN, DISTRIBUCIÓN, ETC.
Lugar de publicación, distribución, etc. [Barcelona] :
Nombre del editor, distribuidor, etc. Península,
Fecha de publicación, distribución, etc. [1978]
300 ## - DESCRIPCIÓN FÍSICA
Extensión 359 p. ;
Dimensiones 20 cm.
700 1# - ENTRADA AGREGADA--NOMBRE PERSONAL
Nombre de persona Estivill, Jordi.
9 (RLIN) 48181
700 1# - ENTRADA AGREGADA--NOMBRE PERSONAL
Nombre de persona Monrabá, Amadeo.
9 (RLIN) 82263
852 ## - LOCALIZACIÓN
Ubicación ES-MaACL
Número de control de estantería A-8909
Sublocalización o colección R.97935
Holdings
Estatus retirado Estado de pérdida Estado de daño No para préstamo Biblioteca de origen Biblioteca actual Ubicación en estantería Fecha de adquisición Fuente de adquisición Total de préstamos Signatura topográfica completa Código de barras Visto por última vez Precio de reemplazo Tipo de ítem Koha
        Biblioteca del Ateneo de Madrid Biblioteca del Ateneo de Madrid Depósito 1 17/01/2008     A-8909 1060904 23/02/2023 23/02/2023 Libro impreso